000 00778nam a22001937a 4500
999 _c61952
_d61952
003 Ge_BSU
005 20240614112939.0
008 240614s1987 ge ||||| |||| 00| 0 geo d
041 _ageo
080 _a159.923.3 ბ-95
100 _aბუიანოვი, მ.ი.
_922432
245 _aუჩვეულო ხასიათები /
_cმ.ი. ბუიანოვი; [თარგმნა თ. მგელაძემ].
264 _aთბილისი :
_bსაბჭოთა საქართველო,
_c1987.
300 _a141 გვ. ;
_b 20 სმ.
653 _aფსიქოლოგია
653 _aხასიათი
700 _aმგელაძე, თ.
_eმთარგმნელი
_93881
942 _2udc
_cᲬᲘᲒᲜᲘ